000 00590nam a2200193Ia 4500
003 GCL
008 140319s9999 xx 000 0 ara d
040 _aGCL /
_cGCL
082 0 4 _a214
_bا ا
100 1 _aامنه محمد نصير
245 1 0 _aانسانية الانسان فى الاسلام /
_cامنه محمد نصير
260 _aالقاهرة :
_bدار الشروق ،
_c1989
300 _a145 ص ؛
_c24 سم
490 _a
650 0 4 _aالاسلام
650 0 4 _aالاداب الاسلامية
650 0 4 _aالثقافة الاسلامية
942 _2ddc
_cBK
999 _c55326
_d55326